Managing sports organizations : responsibility for performance

Αποθηκεύτηκε σε:
Λεπτομέρειες βιβλιογραφικής εγγραφής
Άλλοι συγγραφείς: Covell, Daniel 1963- (Επιμελητής έκδοσης)
Μορφή: Βιβλίο
Γλώσσα:English
Δημοσίευση: Boston : Elsevier/Butterworth-Heinemann, 2007
Έκδοση:2nd ed.
Σειρά:Fundamentals of Sports Management Series
Θέματα:
Ετικέτες: Προσθήκη ετικέτας
Δεν υπάρχουν, Καταχωρήστε ετικέτα πρώτοι!

MARC

LEADER 00000nam a2200000 i 4500
001 1/47661
008 070706s2007 eng d
020 |a 978-0-7506-8238-1 
035 |l 10088701 
040 |a GR-MY-UA  |b gre  |e aacr 
041 1 |a eng 
082 0 |a 796.069  |2 (22) 
245 1 0 |a Managing sports organizations :  |b responsibility for performance /  |c edited by Dan Covell ...[et al.] 
250 |a 2nd ed. 
260 |a Boston :   |b Elsevier/Butterworth-Heinemann,   |c 2007 
300 |a xv, 408σ.;  |c 23εκ. 
490 1 |a Μanagement series 
504 |a Ευρετήριο σ.391-408 
650 0 0 |a Sports administration  |z United States. 
650 0 0 |a Sports  |z United States  |x Management. 
700 1 |a Covell, Daniel  |d 1963-  |4 edt 
830 0 |a Fundamentals of Sports Management Series 
852 |a INST  |b CHIOS  |e 20070706  |h 796.069 MAN  |p 005200026160  |q 005200026160  |t BK  |y 0 
901 |a BIBL2-2007-2 
909 |a Χ  |b 135721 
922 |a 2ΕΛΗ  |b 200706  |c ΕΠΕΑΕΚ2/ΤΔΕ  |d ΠΑΠΑΣΩΤΗΡΙΟΥ 
970 |a ΒΑΡΦΗΣ  |b ΒΑΓΓΕΛΗΣ  |z 2007/07/06